000
00351nam a2200157Ia 4500
100
_a
Mehta/N.K
650
_a
income tax
942
_c
BK
654
_a
income tax 2008-09
245
_a
Income tax Ready reckoner 2007-08
260
_b
Shri Kuber Pub. House
_c
2008
082
_a
336.24/MEH
_b
MEH
300
_a
376
546
_a
ENGLISH
999
_c
31271
_d
31271